UFC Multiple Choice Quiz - Statistics

General Stats
  • This quiz has been taken 4,891 times
    1,626 since last reset
  • The average score is 12 of 15
Answer Stats
Question Answer % Correct
The only male fighter to come from the WWE and become the undisputed champion. Brock Lesnar
95%
Which main event has the most PPV buys of all time? Khabib Nurmagomedov vs Connor McGregor
95%
What does the UFC mean? Ultimate Fighting Championship
91%
Which fighter has the most amount of submissions in UFC's history? Charles Oliveira
89%
Who is the current undisputed heavyweight champion of the world? Tom Aspinall
89%
Who did Alex Pereira defeat to win the middleweight title? Israel Adesanya
85%
Who is the first ever flyweight champion of the world? Demetrious Johnson
84%
Who is the youngest champion in UFC's history? Jon Jones
84%
First fighter to hold two belts simultaneously. Connor McGregor
82%
First fighter to achieve a 16 fight win streak in the UFC. Anderson Silva
79%
Who did Alexander Volkanovski lose his title to on UFC 298? Ilia Topuria
75%
Who was the first ever fighter to hold the BMF belt? Jorge Masvidal
75%
Which fighter has the most amount of fights in UFC's history? Jim Miller
72%
Which country has the most amount of UFC undisputed champions in history? USA
72%
Who has the longest losing streak in UFC's history? Tony Ferguson
71%
No matching quizzes found
Score Distribution
Percent of People with Each Score
Percentile by Number Answered
Your Score History
You have not taken this quiz since the last reset